00520 2200205 4500001002100000005001500021035002000036007000300056008004100059020001800100082001000118084001700128100002600145245004400171260003200215300003100247650001200278990001200290990001200302INLIS00000000000179720180323091922 a0010-0318000140ta180323 g 0 ind  a9786023755806 a641.5 a641.5 DHA c0 aDHANI, R. Satyadharma1 aCooking is Easy /cDhani R. Satyadharma aJakarta :bGrasindo,c[s.a] a63 hlm. :bilus. ;c24 cm. aMASAKAN a16512 a a16512 b